| 000 | 00434nam a2200157 a 4500 | ||
|---|---|---|---|
| 005 | 20140424091948.0 | ||
| 008 | 030130s19uu xx 00 eng d | ||
| 050 |
_aPZ 7 _b.W4647 1972 |
||
| 100 | _aWells, H.G. | ||
| 245 |
_aThe War of the worlds / _cH.G. Wells. |
||
| 260 |
_aNew York ; _bAiemont Publishing Company, Inc., _c1972. |
||
| 300 |
_a160 p. : _c17 cm. |
||
| 650 | _aScience fiction | ||
| 942 |
_cBK _2lcc |
||
| 999 |
_c115472 _d115472 |
||